| 000 | 00459cam a2200181ua 4500 | ||
|---|---|---|---|
| 020 | _c6.00 | ||
| 041 |
_amal _h |
||
| 082 |
_a028.73491 _bVIS/MA |
||
| 100 | _aViswanatha Iyer, N E . | ||
| 245 |
_aMalayalam-Hindi Vyavaharik kosh / _cN E Viswanatha Iyer. _hTextual Documents |
||
| 250 |
_a1 / _b. |
||
| 260 |
_aKottayam : _bNational Book Stall , _c1959. |
||
| 300 | _a414 ; . | ||
| 365 | _a6.00 | ||
| 504 | _a | ||
| 942 | _cBK | ||
| 999 |
_c9002 _d9002 |
||